| 000 | 00416nam a22001697a 4500 | ||
|---|---|---|---|
| 003 | OSt | ||
| 005 | 20140310182354.0 | ||
| 008 | 131001t xxu||||| |||| 00| 0 eng d | ||
| 050 |
_aQA 445.5 _b.Ey97 1996 |
||
| 082 |
_aGS 793.73 _bEx3 1996 |
||
| 245 | _aEye spy. | ||
| 260 |
_aChicago : _bWorld Book, . _c1996 |
||
| 300 |
_a32 p. : _c24 p. |
||
| 650 |
_aPuzzles _922216 |
||
| 942 |
_2lcc _cBK-GS |
||
| 999 |
_c12444 _d12444 |
||